|
|
|
|
| LEADER |
00000cam a22000004a 4500 |
| 001 |
musev2_98367 |
| 003 |
MdBmJHUP |
| 005 |
20230905053323.0 |
| 006 |
m o d |
| 007 |
cr||||||||nn|n |
| 008 |
200523s2020 aku o 00 0 eng d |
| 010 |
|
|
|z 2020003818
|
| 020 |
|
|
|a 9781602234154
|
| 020 |
|
|
|z 9781602234147
|
| 035 |
|
|
|a (OCoLC)1157820156
|
| 040 |
|
|
|a MdBmJHUP
|c MdBmJHUP
|
| 100 |
1 |
|
|a Sturm, Matthew,
|e author.
|
| 245 |
1 |
2 |
|a A Field Guide to Snow /
|c Matthew Sturm.
|
| 264 |
|
1 |
|a Fairbanks, AK :
|b University of Alaska Press,
|c [2020]
|
| 264 |
|
3 |
|a Baltimore, Md. :
|b Project MUSE,
|c 2021
|
| 264 |
|
4 |
|c ©[2020]
|
| 300 |
|
|
|a 1 online resource:
|b illustrations (some color)
|
| 336 |
|
|
|a text
|b txt
|2 rdacontent
|
| 337 |
|
|
|a computer
|b c
|2 rdamedia
|
| 338 |
|
|
|a online resource
|b cr
|2 rdacarrier
|
| 520 |
|
|
|a "Over my career I have led more than 30 snow expeditions, taught snow science in the classroom at the undergraduate and graduate level, and run more than a dozen field method classes all over the U.S. In the field with my students, we have worked shoulder-to-shoulder in snow pits measuring the density, grain size, and stratigraphy of the snow pack. In that setting I have tried to teach people how to read in the snow the story of the winter. Most beginners at first have trouble seeing the story: it is all just white and the same. But with time, and a little guidance, the winter world has opened up for them. That is what this book is about: just a little guidance for those who might not get a chance to dig a snow pit with me, but who want to know more about the snow"--
|c Provided by publisher
|
| 588 |
|
|
|a Description based on print version record.
|
| 650 |
|
7 |
|a Snow
|2 fast
|0 (OCoLC)fst01121907
|
| 650 |
|
0 |
|a Snow.
|
| 655 |
|
7 |
|a Electronic books.
|2 local
|
| 710 |
2 |
|
|a Project Muse.
|e distributor
|
| 830 |
|
0 |
|a Book collections on Project MUSE.
|
| 856 |
4 |
0 |
|z Texto completo
|u https://projectmuse.uam.elogim.com/book/98367/
|
| 945 |
|
|
|a Project MUSE - Custom Collection
|
| 945 |
|
|
|a Project MUSE - 2021 Complete
|
| 945 |
|
|
|a Project MUSE - 2021 Global Cultural Studies
|